|
|
|
|
| LEADER |
00000nam a22000007a 4500 |
| 005 |
20211103213435.0 |
| 007 |
cr|||| |||| |
| 008 |
211103s2021 es |||||s|||| 00||0 spa d |
| 020 |
|
|
|a 978-84-1377-181-6
|
| 035 |
|
|
|a 35068
|
| 040 |
|
|
|a vLex
|
| 090 |
|
|
|c 12634
|d 12634
|
| 100 |
1 |
|
|a Huesca Gonzl̀ez, Ana Mara̕
|
| 245 |
1 |
0 |
|a Aspectos sociales en la seguridad ciudadana
|h [Recurso electrn̤ico] /
|c Ana Mara̕ Huesca Gonzl̀ez, Rolando O Grimaldo Santamara̕
|
| 256 |
|
|
|a Servicio en ln̕ea
|
| 260 |
|
|
|a Madrid:
|b Dykinson,
|c 2021
|
| 300 |
|
|
|a 1 recurso electrn̤ico
|
| 506 |
1 |
|
|a Disponible solo en los productos indicados
|d vLex Global
|d vLex Global (Academic Edition, excluding Law Schools)
|d vLex Global (U.S. Academic Edition, Law Schools)
|d vLex Global (U.S. Academic Edition, excluding Law Schools)
|d vLex Global (Academic Edition, Law Schools)
|
| 650 |
0 |
4 |
|a Ciencias sociales
|z Espaą
|
| 700 |
1 |
|
|a Grimaldo Santamara̕, Rolando O
|
| 740 |
0 |
|
|a vLex Libros (Servicio en ln̕ea)
|
| 856 |
4 |
0 |
|u https://app.vlex.com/#/sources/35068
|z Acceso restringido
|
| 942 |
|
|
|c BOOK
|
| 999 |
0 |
|
|a Social Sciences
|